पाश्चात्य दर्शन / (Record no. 119514)

MARC details
000 -LEADER
fixed length control field 01093nam a22002657a 4500
005 - DATE AND TIME OF LATEST TRANSACTION
control field 20170124103139.0
010 ## - LIBRARY OF CONGRESS CONTROL NUMBER
LC control number B-075718
020 ## - INTERNATIONAL STANDARD BOOK NUMBER
Terms of availability 125.00
International Standard Book Number 8187566043
035 ## - SYSTEM CONTROL NUMBER
System control number B-075718
037 ## - SOURCE OF ACQUISITION
Source of stock number/acquisition Cen Lib/Ret
040 ## - CATALOGING SOURCE
Original cataloging agency DPL
Language of cataloging HN
082 ## - DEWEY DECIMAL CLASSIFICATION NUMBER
Classification number 190
Item number मिश्राम
100 ## - MAIN ENTRY--PERSONAL NAME
Personal name मिश्रा, ममता
9 (RLIN) 85348
245 ## - TITLE STATEMENT
Title पाश्चात्य दर्शन /
Statement of responsibility, etc ममता मिश्रा
246 ## - VARYING FORM OF TITLE
Title proper/short title Pashchatye darshan /
Remainder of title by Mamta Mishra
260 ## - PUBLICATION, DISTRIBUTION, ETC. (IMPRINT)
Place of publication, distribution, etc वाराणसी
Name of publisher, distributor, etc कला प्रकाशन
Date of publication, distribution, etc 2000
270 ## - ADDRESS
Address बी. 33/33 ए-1 न्यू साकेत कालोनी, नरिया
City वाराणसी
Postal code 221005
300 ## - PHYSICAL DESCRIPTION
Extent 187पृ.
Dimensions 21सेमी(सजिल्द)
500 ## - GENERAL NOTE
General note अनुक्रमणिका शामिल
650 ## - SUBJECT ADDED ENTRY--TOPICAL TERM
Topical term or geographic name as entry element प्राचीन दर्शन
9 (RLIN) 85349
650 ## - SUBJECT ADDED ENTRY--TOPICAL TERM
Topical term or geographic name as entry element आधुनिक दर्शन
9 (RLIN) 779
650 ## - SUBJECT ADDED ENTRY--TOPICAL TERM
Topical term or geographic name as entry element Ancient Philosophy
9 (RLIN) 85350
650 ## - SUBJECT ADDED ENTRY--TOPICAL TERM
Topical term or geographic name as entry element Modern Philosophy
9 (RLIN) 85351
942 ## - ADDED ENTRY ELEMENTS (KOHA)
Source of classification or shelving scheme Dewey Decimal Classification
Koha item type Hindi Books
Classification part 190
Call number suffix मिश्राम
Holdings
Withdrawn status Lost status Damaged status Not for loan Home library Current library Date acquired Source of acquisition Cost, normal purchase price Total Checkouts Full call number Barcode Date last seen Copy number Cost, replacement price Price effective from Koha item type
        Central Library Central Library 17/09/2015 Cen Lib/Ret 125.00   190 मिश्राम B-075718 17/09/2015 1 125.00 17/09/2015 Hindi Books

© Delhi Public Library
Hit Counter
free hit counter